<?xml version="1.0" encoding="UTF-8"?><record xmlns="http://www.loc.gov/MARC21/slim" xmlns:zs="http://docs.oasis-open.org/ns/search-ws/sruResponse">
  <leader>00972cz  a2200301n  4500</leader>
  <controlfield tag="001">sh 89006943 </controlfield>
  <controlfield tag="003">DLC</controlfield>
  <controlfield tag="005">19970728110749.7</controlfield>
  <controlfield tag="008">891206i| anannbabn          |a ana      </controlfield>
  <datafield ind1=" " ind2=" " tag="010">
    <subfield code="a">sh 89006943 </subfield>
  </datafield>
  <datafield ind1=" " ind2=" " tag="035">
    <subfield code="a">(DLC)sh 89006943</subfield>
  </datafield>
  <datafield ind1=" " ind2=" " tag="035">
    <subfield code="a">(DLC)176082</subfield>
  </datafield>
  <datafield ind1=" " ind2=" " tag="040">
    <subfield code="a">DLC</subfield>
    <subfield code="c">DLC</subfield>
    <subfield code="d">DLC</subfield>
  </datafield>
  <datafield ind1=" " ind2="0" tag="053">
    <subfield code="a">RC73.55</subfield>
  </datafield>
  <datafield ind1=" " ind2=" " tag="150">
    <subfield code="a">Iridology</subfield>
  </datafield>
  <datafield ind1=" " ind2=" " tag="450">
    <subfield code="a">Iridiagnosis</subfield>
  </datafield>
  <datafield ind1=" " ind2=" " tag="450">
    <subfield code="a">Iridiology</subfield>
  </datafield>
  <datafield ind1=" " ind2=" " tag="450">
    <subfield code="a">Iridodiagnosis</subfield>
  </datafield>
  <datafield ind1=" " ind2=" " tag="550">
    <subfield code="w">g</subfield>
    <subfield code="a">Iris (Eye)</subfield>
    <subfield code="x">Examination</subfield>
  </datafield>
  <datafield ind1=" " ind2=" " tag="550">
    <subfield code="w">g</subfield>
    <subfield code="a">Ocular manifestations of general diseases</subfield>
  </datafield>
  <datafield ind1=" " ind2=" " tag="670">
    <subfield code="a">Work cat.: Krivenko, V.V. Iridodiagnostika ... 1988.</subfield>
  </datafield>
  <datafield ind1=" " ind2=" " tag="670">
    <subfield code="a">Stedman's med. dict.</subfield>
    <subfield code="b">(Iridodiagnosis; Iridology)</subfield>
  </datafield>
  <datafield ind1=" " ind2=" " tag="670">
    <subfield code="a">Dorland's med. dict.</subfield>
    <subfield code="b">(Iridodiagnosis; Iridology)</subfield>
  </datafield>
  <datafield ind1=" " ind2=" " tag="670">
    <subfield code="a">Hennepin</subfield>
    <subfield code="b">(Iridology)</subfield>
  </datafield>
  <datafield ind1=" " ind2=" " tag="670">
    <subfield code="a">Random House</subfield>
    <subfield code="b">(Iridology)</subfield>
  </datafield>
  <datafield ind1=" " ind2=" " tag="670">
    <subfield code="a">Intl. dict. med. biol.</subfield>
    <subfield code="b">(Iridodiagnosis, also called iridiagnosis, iridology)</subfield>
  </datafield>
  <datafield ind1=" " ind2=" " tag="670">
    <subfield code="a">LC database, June 13, 1997</subfield>
    <subfield code="b">(Iridiology)</subfield>
  </datafield>
  <datafield ind1=" " ind2=" " tag="675">
    <subfield code="a">Web. 3;</subfield>
    <subfield code="a">MESH</subfield>
  </datafield>
</record>
